مكتبة جامعة عجلون الوطنية

فهرس بحث المكتبة

Normal view MARC view
  • تحت رعاية: مفيد شهاب، عمرو عزت سلامة ؛ رئيس المؤتمر: رشاد احمد عبد اللطيف ؛ امين عام المؤتمر: محمد رفعت قاسم

Entry Personal Name

Number of records used in: 1

001 - CONTROL NUMBER

  • control field: 34801

003 - CONTROL NUMBER IDENTIFIER

  • control field: JO-AjAnu

005 - DATE AND TIME OF LATEST TRANSACTION

  • control field: 20230606075827.0

008 - FIXED-LENGTH DATA ELEMENTS

  • fixed length control field: 230606|| aca||aabn | a|a d

040 ## - CATALOGING SOURCE

  • Original cataloging agency: JO-AjAnu
  • Transcribing agency: JO-AjAnu

100 ## - HEADING--PERSONAL NAME

  • Personal name: تحت رعاية: مفيد شهاب، عمرو عزت سلامة ؛ رئيس المؤتمر: رشاد احمد عبد اللطيف ؛ امين عام المؤتمر: محمد رفعت قاسم

670 ## - SOURCE DATA FOUND

  • Source citation: Work cat.: (JO-AjAnu)17873: تحت رعاية: مفيد شهاب، عمرو عزت سلامة ؛ رئيس المؤتمر: رشاد احمد عبد اللطيف ؛ امين عام المؤتمر: محمد رفعت قاسم, author, المؤتمر العلمي السادس عشر عالمية الخدمة الاجتماعية وخصوصية الممارسة 19-2003/3/20، مج 2